Statistics for Top 4 Copa Libertadores since 1988

Click here to take the quiz!

General Stats

  • This quiz has been taken 341 times
  • The average score is 34 of 51

Answer Stats

Answer% Correct
Boca Juniors
99%
River Plate
99%
Palmeiras
98%
Flamengo
97%
Santos
97%
Corinthians
95%
Grêmio
95%
São Paulo
95%
Internacional
93%
Atlético Mineiro
92%
Fluminense
92%
Cruzeiro
91%
Peñarol
89%
Estudiantes
88%
Vasco da Gama
88%
Nacional - PAR
87%
Nacional - URU
87%
San Lorenzo
87%
Atlético Nacional
86%
Olimpia
86%
LDU Quito
84%
Colo-Colo
81%
Lanús
80%
Barcelona Guayaquill
76%
Athletico Paranaense
75%
Once Caldas
73%
Racing Avellaneda
73%
São Caetano
73%
América
72%
América de Cali
72%
Tigres UANL
65%
Vélez Sarsfield
65%
Independiente del Valle
64%
Chivas Guadalajara
58%
Newell's Old Boys
55%
Bolívar
52%
Cerro Porteño
52%
Universidad de Chile
46%
Libertad
43%
Cruz Azul
42%
Sporting Cristal
40%
Emelec
37%
Defensor Sporting
36%
Guaraní
36%
Rosário Central
35%
Santa Fé
28%
Junior Barranquilla
23%
Independiente Medellín
19%
Danubio
18%
Desportivo Cali
14%
Cúcuta Desportivo
2%

Score Distribution

Percentile by Number Answered

Percent of People with Each Score

Your Score History

You have not taken this quiz